00359nam a2200145Ia 450000500170000000800460001703700120006304000200007504100130009508400230010810000100013124500140014126000480015530000100020320250508152642.0008 250505s9999 xx 000 0 hin d aTextual aFEDLbengcFEDL ahin2eng a891.431, PAOqFEDL aPadma 0aBhavlekha aDelhi, IndiabVidya Prakashan Mandir c1960 a120p.